Cerita rakyat orang Bidayuh (Record no. 101474)

MARC details
000 -LEADER
fixed length control field 00728nam a2200265 i 4500
001 - CONTROL NUMBER
control field C2-0297085
003 - CONTROL NUMBER IDENTIFIER
control field PPAK
005 - DATE AND TIME OF LATEST TRANSACTION
control field 20180728075340.0
008 - FIXED-LENGTH DATA ELEMENTS--GENERAL INFORMATION
fixed length control field 090507s2008 my |||| ||||| | may d
020 ## - INTERNATIONAL STANDARD BOOK NUMBER
International Standard Book Number 9789676121371
040 ## - CATALOGING SOURCE
Original cataloging agency PPAK
Language of cataloging eng
Transcribing agency PPAK
Description conventions rda
082 04 - DEWEY DECIMAL CLASSIFICATION NUMBER
Classification number 398.2
Edition number 23
090 00 - LOCALLY ASSIGNED LC-TYPE CALL NUMBER (OCLC); LOCAL CALL NUMBER (RLIN)
Classification number (OCLC) (R) ; Classification number, CALL (RLIN) (NR) 398.2
Feature heading HEI
Feature heading K
100 0# - MAIN ENTRY--PERSONAL NAME
Personal name Heidi Munan,
Relator term author
245 10 - TITLE STATEMENT
Title Cerita rakyat orang Bidayuh
264 #1 - PRODUCTION, PUBLICATION, DISTRIBUTION, MANUFACTURE, AND COPYRIGHT NOTICE
Place of production, publication, distribution, manufacture Kuala Lumpur :
Name of producer, publisher, distributor, manufacturer Utusan Publications ,
Date of production, publication, distribution, manufacture, or copyright notice 2008
300 ## - PHYSICAL DESCRIPTION
Extent 107 pages ;
Dimensions 18 cm
336 ## - CONTENT TYPE
Source rdacontent
Content type term text
337 ## - MEDIA TYPE
Source rdamedia
Media type term unmediated
338 ## - CARRIER TYPE
Source rdacarrier
Carrier type term volume
490 1# - SERIES STATEMENT
Series statement Cerita rakyat Sarawak
650 10 - SUBJECT ADDED ENTRY--TOPICAL TERM
Topical term or geographic name entry element Tales - Malaysia - Sarawak
830 #0 - SERIES ADDED ENTRY--UNIFORM TITLE
Uniform title Cerita rakyat Sarawak
942 ## - ADDED ENTRY ELEMENTS (KOHA)
-- dc
Koha item type Book
Holdings
Withdrawn Not for loan Current library Shelving location Date acquired Total Checkouts Full call number Barcode Date last seen Date last checked out Koha item type
    Perpustakaan Alor Setar Pinjaman Kanak-kanak 18/05/2009 1 K 398.2 HEI A01296866 12/09/2024 26/08/2024 Book
    Perpustakaan Awam Sungai Petani Pinjaman Kanak-kanak 18/05/2009   K 398.2 HEI A01296867 09/05/2018   Book
    Perpustakaan Baling Pinjaman Kanak-kanak 18/05/2009   K 398.2 HEI A01296873 09/05/2018   Book
    Perpustakaan Jitra Pinjaman Kanak-kanak 18/05/2009   K 398.2 HEI A01296868 09/05/2018   Book
    Perpustakaan Kuala Nerang Pinjaman Kanak-kanak 18/05/2009   K 398.2 HEI A01296875 09/05/2018   Book
    Perpustakaan Kulim Pinjaman Kanak-kanak 18/05/2009   K 398.2 HEI A01296870 09/05/2018   Book
    Perpustakaan Langkawi Pinjaman Kanak-kanak 18/05/2009   K 398.2 HEI A01296869 09/05/2018   Book
    Perpustakaan Merbok Pinjaman Kanak-kanak 18/05/2009   K 398.2 HEI A01296877 09/05/2018   Book
    Perpustakaan Pendang Pinjaman Kanak-kanak 18/05/2009   K 398.2 HEI A01296878 09/05/2018   Book
    Perpustakaan Sik Pinjaman Kanak-kanak 18/05/2009   K 398.2 HEI A01296872 09/05/2018   Book
    Perpustakaan Sik Pinjaman Kanak-kanak 18/05/2009   K 398.2 HEI A01296876 09/05/2018   Book
    Perpustakaan Yan Pinjaman Kanak-kanak 18/05/2009   K 398.2 HEI A01296871 09/05/2018   Book